Les vainqueurs ATP 2025 - Statistiques

Statistiques générales
  • Ce quiz a été pris 134 fois
  • Le résultat moyen est 33 sur 61
Statistiques - réponses
Hint Réponse % Correct
Roland-Garros Alcaraz
92%
Wimbledon Sinner
92%
US Open Alcaraz
88%
Melbourne Sinner
87%
ATP Finals Sinner
87%
Rome Alcaraz
86%
Monte-Carlo Alcaraz
84%
Paris Sinner
84%
Next Gen Finals Tien
82%
Cincinnati Alcaraz
78%
Athenes Djokovic
75%
Halle Bublik
71%
Barcelone Rune
71%
Queen's Alcaraz
70%
Auckland Monfils
70%
Indian Wells Draper
68%
Shanghai Vacherot
68%
Munich Zverev
68%
Madrid Ruud
66%
Pekin Sinner
66%
Rotterdam Alcaraz
63%
Geneve Djokovic
63%
Miami Mensik
63%
Metz Tien
63%
Tokyo Alcaraz
62%
Buenos Aires Fonseca
62%
Marseille Humbert
62%
Hong Kong Muller
62%
Toronto Shelton
61%
Rio de Janeiro Baez
55%
Vienne Sinner
55%
Gstaad Bublik
54%
Kitzbuhel Bublik
54%
Bâle Fonseca
54%
Dubai Tsitsipas
51%
Montpellier Auger-Aliassime
50%
Stockholm Ruud
50%
Eastbourne Fritz
47%
Almaty Medvedev
47%
Brisbane Lehecka
45%
Doha Rublev
45%
Washington De Minaur
43%
Stuttgart Fritz
42%
Dallas Shapovalov
41%
Bruxelles Auger-Aliassime
38%
Hangzhou Bublik
38%
Majorque Griekspoor
37%
Houston Brooksby
36%
Acapulco Machac
33%
Hambourg Cobolli
30%
Adélaide Auger-Aliassime
29%
Umag Darderi
28%
Bucarest Cobolli
26%
Bastad Darderi
25%
Marrakech Darderi
24%
Delray Beach Kecmanovic
22%
Chengdu Tabilo
22%
Bois-le-duc Diallo
20%
Los Cabos Shapovalov
20%
Winston-Salem Fucsovics
16%
Santiago Djere
13%
Aucun quiz correspondant
Distribution des résultats
% des personnes avec chaque résultat
Percentile par nombre de réponses
Votre historique - résultats
Vous n’avez pas pris ce quiz